fast typing to 101 - Statistics

General Stats
  • This quiz has been taken 513 times
  • The average score is 68 of 101
Answer Stats
Answers % Correct
1
100%
3
96%
2
95%
4
94%
7
94%
9
94%
5
93%
6
93%
8
93%
10
90%
12
90%
11
89%
13
86%
14
86%
15
85%
16
84%
17
82%
18
82%
21
82%
19
81%
20
80%
22
80%
23
80%
31
79%
24
78%
25
78%
26
78%
27
78%
28
78%
34
78%
29
77%
30
77%
33
77%
32
76%
35
76%
36
76%
45
75%
37
74%
38
74%
41
74%
40
73%
51
73%
39
72%
56
72%
46
71%
47
71%
50
71%
54
71%
55
71%
42
70%
43
70%
44
70%
48
70%
52
70%
49
69%
53
68%
61
68%
57
67%
60
67%
58
66%
59
65%
65
65%
62
64%
63
64%
64
64%
68
64%
69
63%
66
61%
67
61%
71
61%
70
60%
74
59%
78
59%
79
59%
76
58%
72
57%
73
57%
80
56%
81
56%
75
55%
77
55%
82
54%
83
54%
86
53%
84
52%
85
52%
87
51%
89
48%
88
46%
90
45%
91
42%
92
41%
93
41%
94
40%
96
39%
95
36%
97
36%
98
34%
99
32%
100
26%
101
24%
No matching quizzes found
Score Distribution
Percent of People with Each Score
Percentile by Number Answered
Your Score History
You have not taken this quiz